<?xml version="1.0" encoding="UTF-8"?>
<record
    xmlns:xsi="http://www.w3.org/2001/XMLSchema-instance"
    xsi:schemaLocation="http://www.loc.gov/MARC21/slim http://www.loc.gov/standards/marcxml/schema/MARC21slim.xsd"
    xmlns="http://www.loc.gov/MARC21/slim">

  <leader>00718nam a22001937a 4500</leader>
  <controlfield tag="005">20231102151616.0</controlfield>
  <controlfield tag="008">120626s2004    mx            000 0 spa d</controlfield>
  <datafield tag="020" ind1=" " ind2=" ">
    <subfield code="a">9682470234</subfield>
  </datafield>
  <datafield tag="050" ind1="1" ind2="4">
    <subfield code="a">HM216</subfield>
    <subfield code="b">D53</subfield>
  </datafield>
  <datafield tag="100" ind1="1" ind2=" ">
    <subfield code="a">D&#xED;az Hern&#xE1;ndez, Carlos</subfield>
    <subfield code="e">autor</subfield>
    <subfield code="9">11763</subfield>
  </datafield>
  <datafield tag="245" ind1="1" ind2="0">
    <subfield code="a">Pedagog&#xED;a de la &#xC9;tica Social </subfield>
    <subfield code="b"> : para una formaci&#xF3;n de valores</subfield>
    <subfield code="c"> / Carlos D&#xED;az Hern&#xE1;ndez</subfield>
  </datafield>
  <datafield tag="260" ind1=" " ind2=" ">
    <subfield code="a">M&#xE9;xico </subfield>
    <subfield code="b"> : Trillas</subfield>
  </datafield>
  <datafield tag="300" ind1=" " ind2=" ">
    <subfield code="a">313 p&#xE1;ginas</subfield>
  </datafield>
  <datafield tag="500" ind1=" " ind2=" ">
    <subfield code="a">CONTIENE: pr&#xF3;logo, &#xED;ndice de contenido, &#xED;ndice onom&#xE1;stico, &#xED;ndice anal&#xED;tico
</subfield>
  </datafield>
  <datafield tag="519" ind1=" " ind2=" ">
    <subfield code="a">Educaci&#xF3;n Mixta
</subfield>
    <subfield code="b">Pedagog&#xED;a / </subfield>
    <subfield code="c">Teor&#xED;a Pedag&#xF3;gica 1 (B01) /</subfield>
    <subfield code="d">(22 000003)</subfield>
  </datafield>
  <datafield tag="650" ind1="1" ind2="7">
    <subfield code="a">&#xC9;TICA SOCIAL</subfield>
    <subfield code="9">8070</subfield>
  </datafield>
  <datafield tag="650" ind1="1" ind2="7">
    <subfield code="a">VALORES (FILOSOF&#xCD;A)</subfield>
    <subfield code="9">9770</subfield>
  </datafield>
  <datafield tag="942" ind1=" " ind2=" ">
    <subfield code="c">LB</subfield>
    <subfield code="2">lcc</subfield>
  </datafield>
  <datafield tag="952" ind1=" " ind2=" ">
    <subfield code="0">0</subfield>
    <subfield code="1">0</subfield>
    <subfield code="4">0</subfield>
    <subfield code="7">0</subfield>
    <subfield code="a">22</subfield>
    <subfield code="b">22</subfield>
    <subfield code="d">2013-10-31</subfield>
    <subfield code="l">11</subfield>
    <subfield code="o">HM216 D53</subfield>
    <subfield code="p">22 000003</subfield>
    <subfield code="r">2019-03-06</subfield>
    <subfield code="s">2019-03-06</subfield>
    <subfield code="t">1</subfield>
    <subfield code="w">2013-10-31</subfield>
    <subfield code="y">LB</subfield>
  </datafield>
  <datafield tag="999" ind1=" " ind2=" ">
    <subfield code="c">91145</subfield>
    <subfield code="d">91145</subfield>
  </datafield>
</record>
